000 00378nam a2200145 a 4500
001 000046688
005 20201002053040.0
008 180319s2017 dr 000 spa d
020 _a9789945503012
040 _aDO-SdBNP
_bspa
_cBNPHU
245 0 _aColoquios 2016.
260 _aSanto Domingo :
_bNacional,
_c2017.
300 _a227 p. ;
_c21 cm.
590 _aInventariado,2018/DG
999 _c46177
_d46177